000 00423nam a2200181Ia 4500
005 20240823011954.0
008 240823s9999||||xx |||||||||||||| ||und||
041 _aENGLISH
082 _A621.3822 P1
100 _aLathi B P
245 0 _aSignals Systems and Communication
250 _a1st
260 _c2001
_b"BS,Hydrabad"
500 _aYES
650 _aElectronics
_bElectronics
942 _cBK
999 _c163057
_d163057